书目信息 |
| 题名: |
当代石油和石化工业技术普及读本
|
|
| 作者: | 王少春 , 崔德人 执笔 | |
| 分册: | 合成纤维 | |
| 出版信息: | 北京 中国石化出版社 2012.04 |
|
| 页数: | 110页 | |
| 开本: | 21cm | |
| 丛书名: | ||
| 单 册: | ||
| 中图分类: | TE-49 , TQ342-49 | |
| 科图分类: | ||
| 主题词: | 石油工业--普及读物 , 石油化工--普及读物 , 合成纤维--普及读物 , 石油工业 , 石油化工 , 合成纤维 | |
| 电子资源: | ||
| ISBN: | 978-7-5114-1524-0 | |
| 000 | 01057nam0 2200337 450 | |
| 001 | 003132124 | |
| 005 | 20170502101057.04 | |
| 010 | @a978-7-5114-1524-0@dCNY12.00 | |
| 100 | @a20120626d2012 em y0chiy0110 ea | |
| 101 | 0 | @achi |
| 102 | @aCN@b110000 | |
| 105 | @ay z 000yy | |
| 106 | @ar | |
| 200 | 1 | @a当代石油和石化工业技术普及读本@9dang dai shi you he shi hua gong ye ji shu pu ji du ben@i合成纤维@f王少春,崔德人执笔 |
| 205 | @a3版 | |
| 210 | @a北京@c中国石化出版社@d2012.04 | |
| 215 | @a110页@d21cm | |
| 304 | @a中国石油和石化工程研究会组织编写 | |
| 330 | @a本书介绍了涤纶、腈纶、锦纶、丙纶、维纶、氨纶、高性能纤维、合成纤维未来发展展望等内容。 | |
| 606 | 0 | @a石油工业@j普及读物 |
| 606 | 0 | @a石油化工@j普及读物 |
| 606 | 0 | @a合成纤维@j普及读物 |
| 606 | 0 | @a石油工业 |
| 606 | 0 | @a石油化工 |
| 606 | 0 | @a合成纤维 |
| 690 | @aTE-49@v5 | |
| 690 | @aTQ342-49@v5 | |
| 701 | 0 | @a王少春@9wang shao chun@c(石油化工)@4执笔 |
| 701 | 0 | @a崔德人@9cui de ren@4执笔 |
| 801 | 0 | @aCN@bNLC@c20120907 |
| 905 | @b989610-13@dTE-49@e58=3@f4 | |
| 当代石油和石化工业技术普及读本.合成纤维/王少春,崔德人执笔.-3版.-北京:中国石化出版社,2012.04 |
| 110页;21cm |
| ISBN 978-7-5114-1524-0:CNY12.00 |
| 本书介绍了涤纶、腈纶、锦纶、丙纶、维纶、氨纶、高性能纤维、合成纤维未来发展展望等内容。 |
| ● |
| 相关链接 |
|
|
|
|
正题名:当代石油和石化工业技术普及读本
索取号:TE-49/58=3
 
预约/预借
| 序号 | 登录号 | 条形码 | 馆藏地/架位号 | 状态 | 备注 |
| 1 | 989610 | 209896102 | 第二样本阅览室/ [索取号:TE-49/58=3] | 在馆 | |
| 2 | 989611 | 209896111 | 第三借阅区/ [索取号:TE-49/58=3] | 在馆 | |
| 3 | 989612 | 209896120 | 第三借阅区/ [索取号:TE-49/58=3] | 在馆 | |
| 4 | 989613 | 209896139 | 密集书库-化学系/ [索取号:TE-49/58=3] | 在馆 |